Electronic combat and modern warfare : (Record no. 185627)

000 -LEADER
fixed length control field 01392 a2200265 4500
003 - CONTROL NUMBER IDENTIFIER
control field Nust
005 - DATE AND TIME OF LATEST TRANSACTION
control field 20221229114409.0
010 ## - LIBRARY OF CONGRESS CONTROL NUMBER
LC control number 90008983
020 ## - INTERNATIONAL STANDARD BOOK NUMBER
International Standard Book Number 033355311X
040 ## - CATALOGING SOURCE
Transcribing agency Nust
082 00 - DEWEY DECIMAL CLASSIFICATION NUMBER
Classification number 623.043,MUN
100 1# - MAIN ENTRY--PERSONAL NAME
Personal name Munro, Neil.
9 (RLIN) 48693
245 14 - TITLE STATEMENT
Title Electronic combat and modern warfare :
Remainder of title The quick and the dead /
Statement of responsibility, etc. Neil Munro.
260 ## - PUBLICATION, DISTRIBUTION, ETC.
Place of publication, distribution, etc. New York :
Name of publisher, distributor, etc. St. Martin's Press,
Date of publication, distribution, etc. 1991.
300 ## - PHYSICAL DESCRIPTION
Extent xi, 324 p. :
Other physical details ill. ;
Dimensions 22 cm.
505 ## - FORMATTED CONTENTS NOTE
Formatted contents note The Electromagnetic Spectrum and Surveillance Sensors (Page-1), Guidance Sensors (Page-21), Electromagnetic Interference and Electromagnetic Weapons (Page-35), Command, Control and Communication (Page-57), Electronic Warfare (Page-89), Soviet Radioelectronic Struggle (Page-123), Peacetime Electronic Warfare (Page-137), Soviet REB Conventional Warfare (Page-173), The Maturing of U.S. Electronic Combat (Page-203), Nuclear War and Electronic Combat (Page-283), Electronic Combat and War (Page-303).
650 #0 - SUBJECT ADDED ENTRY--TOPICAL TERM
Topical term or geographic name entry element Command and control systems.
650 #0 - SUBJECT ADDED ENTRY--TOPICAL TERM
Topical term or geographic name entry element Electronics in military engineering.
650 #0 - SUBJECT ADDED ENTRY--TOPICAL TERM
Topical term or geographic name entry element Military intelligence
Geographic subdivision Soviet Union.
9 (RLIN) 48695
650 #0 - SUBJECT ADDED ENTRY--TOPICAL TERM
Topical term or geographic name entry element Military intelligence
Geographic subdivision United States.
9 (RLIN) 48696
650 #0 - SUBJECT ADDED ENTRY--TOPICAL TERM
Topical term or geographic name entry element Military intelligence.
9 (RLIN) 48697
651 #0 - SUBJECT ADDED ENTRY--GEOGRAPHIC NAME
Geographic name Soviet Union
General subdivision Armed Forces
-- Communication systems.
9 (RLIN) 106327
651 #0 - SUBJECT ADDED ENTRY--GEOGRAPHIC NAME
Geographic name United States
General subdivision Armed Forces
-- Communication systems.
9 (RLIN) 99356
942 ## - ADDED ENTRY ELEMENTS (KOHA)
Source of classification or shelving scheme
Koha item type Book
Holdings
Withdrawn status Lost status Source of classification or shelving scheme Damaged status Not for loan Permanent Location Current Location Shelving location Date acquired Full call number Barcode Date last seen Price effective from Koha item type Public note
          Military College of Signals (MCS) Military College of Signals (MCS) General Stacks 12/12/2016 623.043,MUN MCS22978 12/08/2016 12/12/2016 Book Almirah No.84, Shelf No.5
          Military College of Signals (MCS) Military College of Signals (MCS) General Stacks 12/12/2016 623.043,MUN MCS691 12/08/2016 12/12/2016 Book Almirah No.41, Shelf No.1
          Military College of Signals (MCS) Military College of Signals (MCS) General Stacks 12/12/2016 623.043,MUN MCS692 12/08/2016 12/12/2016 Book Almirah No.41, Shelf No.1
© 2023 Central Library, National University of Sciences and Technology. All Rights Reserved.